01106nam a2200157 a 4500008004100000020001500041041000800056100001900064245003600083250004500119260003800164300002200202500007800224505063100302655001500933190917t2004 ag |||g |||| 001 0 spa d a9871138512 aspa1 aHuxley, Aldous3 aUn mundo feliz /cAldous Huxley a3a ed.bTraducción Ramón Hernández aBuenos Aires:bDebolsillo;c2005. a224 p.c19x13 cm. aHuxley, A. (2009). Un mundo feliz. (11a ed.). Buenos Aires : De bolsillo. aUn mundo feliz es un clásico de la literatura de este siglo. Con ironía mordiente, el genial autor inglés plasma una sombría metáfora sobre el futuro, muchas de cuyas previsiones se han materializado, acelerada e inquietamente, en los últimos años. La novela describe un mundo en el que finalmente se han cumplido los peores vaticinios: triunfan los dioses del consumo y la comodidad, y el orbe se organiza en diez zonas en apariencias seguras y estables. Sin embargo, este mundo ha sacrificado valores humanos esenciales, y sus habitantes son procesados in vitro a imagen y semejanza de una cadena de montaje.  aLiteratura